Top Antarctica Facts - Statistics

General Stats
  • This quiz has been taken 28 times
  • The average score is 6 of 17
Answer Stats
Hint Answer % Correct
It is in which hemisphere? Southern
92%
Percentage covered by ice 98
88%
The only penguin that breeds during the winter in Antarctica Emperor
83%
Number of countries that have signed the Antarctic Treaty 50
46%
What percentage of the world's freshwater reserves are stored there? 80%
42%
What Greek philosopher wrote about an Antarctic region in c. 350 BC? Aristotle
42%
Low precipitation over 90% of the continent makes it an icy... Desert
42%
Antarctica's name is Romanized Greek meaning "Opposite of the..." North
42%
It sed to be called a name that now belongs to a country. What was it? Australia
38%
Highest peak Vinson Massif
25%
They are Aura Borealis in the Arctic and ...in the Antarctic Aurora Australis
21%
Antarctica is divided in two by the... {Transantarctic} Mountains
13%
Largest Lake Vostok
13%
It is the coldest, driest and ...continent Windiest
13%
The surface of the above lake has been compared to which of Jupiter's moons? Europa
8%
The world's southernmost active volcano Mount {Erebus}
8%
Longest River Onyx
4%
No matching quizzes found
Score Distribution
Percent of People with Each Score
Percentile by Number Answered
Your Score History
You have not taken this quiz